| 000 | 00941pam a2200289 a 4500 | ||
|---|---|---|---|
| 001 | 015659218 | ||
| 003 | Uk | ||
| 005 | 20240818092944.0 | ||
| 008 | 100921s2012 njua 001 0 eng d | ||
| 020 | _a0321727827 (pbk.) | ||
| 020 | _a9780321727824 (pbk.) | ||
| 082 | 0 | 4 |
_a540 _222 _bTIM |
| 100 | 1 |
_aTimberlake, Karen C. _918366 |
|
| 245 | 1 | 0 |
_aChemistry : _ban Introduction to General, Organic, and Biological Chemistry / _cKaren C. Timberlake. |
| 250 | _a11th ed. | ||
| 260 |
_aUpper Saddle River, N.J. ; _aLondon : _bPrentice Hall, _c2012. |
||
| 300 |
_axxvii, 684, C2, I30 p. : _bcol. ill. ; _c28 cm. |
||
| 500 | _aIncludes index. | ||
| 500 | _a"International edition"-Cover. | ||
| 500 |
_aFormerly CIP. _5Uk |
||
| 650 | 0 |
_aChemistry. _932485 |
|
| 653 |
_bPharmacy _cFebruary2013 |
||
| 942 |
_2ddc _cBB _hRDA-MOD |
||
| 999 |
_c17256 _d17228 |
||
| 336 |
_2rdacontent _atext _btxt |
||
| 337 |
_aunmediated _2rdamedia _bn |
||
| 338 |
_avolume _bnc _2rdacarrier |
||